| 000 | 00381nam a22001697a 4500 | ||
|---|---|---|---|
| 003 | OSt | ||
| 020 | _aNA | ||
| 040 | _c0 | ||
| 082 |
_222 _a658.4032 |
||
| 100 | _aWiest, Jerome D. and Levy, Ferdinand K. | ||
| 245 | _aA management guide to pert CPM / | ||
| 250 | _a2nd ed. | ||
| 260 |
_bPrentice Hall, _cc2005. |
||
| 300 |
_a0 _bill. ; |
||
| 942 |
_2ddc _cMAG |
||
| 999 |
_c4379 _d4379 |
||
| 999 |
_c4646 _d4646 |
||